000 00705nam a2200205 a 4500
001 000002484
005 20240412074200.0
008 090702s2008 dr 001 p spa d
040 _aDO-SdBNP
_bspa
_cBNPHU
082 _aRD861.5
_bC957e
100 1 _aCruz, Luís Manuel
_d1987-
_97830
245 1 3 _aEl enigma de mi amor por tí /
_cLuíz Manuel Cruz.
260 _a[República Dominicana :
_bs.n.],
_c2008.
_e(Bonao, República Dominicana :
_fJuan Fco. Publishing)
300 _a61 p. ;
_c22 cm.
500 _aIncluye índice
500 _aIncluye datos biográficos del autor
590 _aDos copias autografiadas por el autor
650 0 _aPoesía dominicana
_966
650 0 _aLiteratura dominicana.
_967
999 _c2320
_d2320